| 000 | 00632nam a2200193 i 4500 | ||
|---|---|---|---|
| 001 | 85018 | ||
| 003 | ES-MaACL | ||
| 005 | 20230906175150.0 | ||
| 007 | t| | ||
| 008 | 041124s1936 sp ||||1| spa d | ||
| 100 | 1 |
_aJos, Emiliano. _966965 |
|
| 245 | 1 | 3 |
_aEl General Dumourier en la Guerra de la Independencia / _cEmiliano Jos. |
| 260 |
_aMadrid : _b[s.n.], _c1936 ( _fC. Bermejo) |
||
| 300 |
_a46 p. ; _c25 cm. |
||
| 505 | 8 | _aContiene tambiƩn: El Congreso de Americanistas y la Historia del Descubrimiento. | |
| 740 | 3 | _aEl Congreso de Americanistas. | |
| 740 | 3 | _aLa Historia del Descubrimiento. | |
| 852 |
_aES-MaACL _jA-4620 |
||
| 999 |
_c85018 _d85018 |
||